000 00495nam a22001817a 4500
003 BDDh-ASL
005 20231015031047.0
008 221219s1918 ii ||||| |||| 00| 0 a d
040 _aBDDh-ASL
_cBDDh-ASL
041 _aara
082 _a297
_bKAM
100 1 _aKashgari, Sadiduddin Al
_96781
245 1 0 _aMuniyatul Muṣallī : / منية المصلى
260 _aKanpur :
_bMajidi Press ,
_c1918/1340H.
300 _a176 p. :
_c27 cm.
650 0 _aIslam
_91652
942 _2ddc
_cBK
999 _c29718
_d29718